000 00597nam a2200169 i 4500
001 132429
003 ES-MaACL
005 20230906194157.0
007 t|
008 070214s1953 sp r ||||1| spa d
100 1 _aRomero García, Ildefonso.
_999394
245 1 0 _aAvilas y Gijones
_b: [historia documentada de una casa] /
_cM. I. Sr. Dr. D. Ildefonso Romero García.
260 _aCiudad Real :
_bInstituto de Estudios Manchegos,
_c1953.
300 _a71 p., 6 lám. ;
_c21 cm +
_e1 gráf. pleg.
710 2 _aInstituto de Estudios Manchegos.
_94919
852 _aES-MaACL
_j1833-F-28
_bR.34374
999 _c132429
_d132429